เปลี่ยนเป็นภาษาไทย

Change to English
 แสดงรายละเอียดบรรณานุกรม
  กลับหน้าหลัก
ห้องสมุดโรงเรียนพะเยาพิทยาคม...ยินดีต้อนรับ...ทุกท่านเข้าสู่ระบบห้องสมุดอัตโนมัติ

Brief Record : Get Marc (ISO 2709) : E-mail record : QR code ปิดหน้าต่าง
หนังสืออ้างอิง : เกี่ยวกับ Collections
LEADER 00000nam 2200000uu 4500
001    13399115923
003     ULIBM
008    151015s2558||||th 000 0 tha d
020    ^a9786162102936
082    ^a495.815^bว343พ
100 0  ^aวลัย ชูธรรมธัช.
110 1  ^a
245    ^aพูดพม่าง่ายนิดเดียว/^cโดย วลัย ชูธรรมธัช.
250    ^aพิมพ์ครั้งที่ 1.
260    ^aกรุงเทพมหานคร :^bปัญญาชน,^c2558.
300    ^a176หน้า :^bภาพประกอบ ;^c21ซม.
650    ^aภาษาพม่า - - บทสทนาและวลี
650  0 ^aภาษาพม่า - - การออกเสียง
945    ^p140^l0^i43870
945    ^p140^l0^i43871
945    ^p140^l0^i43872
999    ^aจุฑามาศ กรงจักร์
 
คุณยังไม่ได้ล็อกอิน คุณสามารถมีกิจกรรมร่วมกับเว็บไซต์ได้ แต่ต้องล็อกอินก่อน ::
  ล็อกอิน
ลำดับที่ ประเภท เลขเรียก/บาร์โค้ด สถานที่ สถานะ
1. หนังสือ
หนังสือ
495.815 ว343พ 2558 c.1 
  Barcode: 43870
ห้องสมุด
►หนังสือทั่วไป
On Shelf
  ขอยืม
2. หนังสือ
หนังสือ
495.815 ว343พ 2558 c.2 
  Barcode: 43871
ห้องสมุด
►หนังสือทั่วไป
On Shelf
  ขอยืม
3. หนังสือ
หนังสือ
495.815 ว343พ 2558 c.3 
  Barcode: 43872
ห้องสมุด
►หนังสือทั่วไป
On Shelf
  ขอยืม
   [แสดง 3/3 รายการ]

หนังสือดีน่าอ่าน


“ดั่งดวงแก้ว ส่องสว่าง ทางสายงาม”


จัดทำขึ้นเพื่อเฉลิมพระเกียรติ สมเด็จพระเทพรัตนราชสุดา ฯ สยามบรมราชกุมารี 
เนื่องในโอกาสมหามงคลเฉลิมพระชนมพรรษา ๕ รอบ ๒ เมษายน ๒๕๕๘ 

โดยหนังสือเล่มนี้ได้รวบรวม ๖๐ พระอัจฉริยภาพของสมเด็จพระเทพ ฯ 
ผู้อ่านจะได้รับแรงบันดาลใจให้พากเพียรเรียนรู้และขยันอดทนทำการงาน
ตามรอยเบื้องพระยุคลบาท เพราะพระองค์ทรงเป็นแบบอย่างอันดีเยี่ยมในทุกด้าน 

ทั้งในความใฝ่รู้ใฝ่เรียน คุณธรรมจริยธรรม พระวิริยอุตสาหะในการทรงงาน 
และอื่นๆอีกมากมาย ล้วนสามารถสร้างแรงบันดาลใจให้แก่เด็กและเยาวชน

อีกทั้งประชาชนทั่วไป ให้พากเพียรเรียนรู้และขยันอดทนทำการงานตามรอยพระยุคลบาท 
เพื่อฝึกฝนตนเองให้เป็นคนดีคนเก่งของครอบครัวและสังคมต่อไป



แสดงความเห็นเกี่ยวกับหนังสือเล่มนี้


ยังไม่เคยถูกคอมเมนท์

คอมเมนท์ทรัพยากรรายการนี้
  คอมเมนท์: พูดพม่าง่ายนิดเด..

 
 
 

 

ห้องสมุดเฉลิมพระเกียรติกาญจนาภิเษก  โรงเรียนพะเยาพิทยาคม อำเภอเมือง จังหวัดพะเยา 56000

 E-mail  : Library_ppk@windowslive.com     Library Phayaopittayakom 05-4431-275 ต่อ 4621


 Union Library Management : ULibM
Copyright 2026. All Rights Reserved.